000
00288nam a22001337a 4500
008
170207b xxu||||| |||| 00| 0 eng d
020
_a
9780397515271
041
_a
eng
080
_2
30ED
_a
61
100
_a
4
101
_a
SHM
245
_a
CRITICAL CARE
_c
JOSEPH CIVETA
942
_2
udc
_c
BK
999
_c
4794
_d
4794